00638nam a2200193 a 4500003000400000005001700004008004100021020002900062040001700091082002300108100001200131245007100143260003600214300001600250650002400266942000800290952013100298999001500429IIN20250924122038.0250924s2019 xx d 000 0 eng d cRs.405.00a9788184733235 aIINbEnglish a610.3 bSTE1 aStedman1 aStedman's Pocket Medical Dictionary (South Asian Edition)cStedman bWolters KluweraNew Delhic2010 axv, 1190 p.1 aNursingvDictionary cREF 00102ddc4051718PURCHaIINbIINcREFd2025-03-18g405.00l0o610.3 STEp2135r2025-09-24 12:21:33w2025-09-24yREF c1875d1875